000 00523nam a2200145 a 4500
008 120416s1978 ||||||||||||||||| || u
050 _aTA 332 Tum
100 _aTuma, Jan J
245 1 0 _aEngineering mathematics handbook: definitions, theorems, formulas, tables. (2nd ed.)
250 _a2nd ed.
260 _aNew York
_bMcGraw-Hill
_c1978
300 _axv, 394p. : ill.
350 _a0.00
995 _D0.00
_FCBU-MAIN LIBRARY (Kitwe)
_H1
_I0.00
_M1
_UREFERENCE
_ZReference Collection
999 _c41962
_d41962